The Indian National Congress and the political economy of India, 1885-1985 /

Bibliographic Details
Other Authors: Shepperdson, Mike, Simmons, Colin
Format: Book
Language:English
Published: Aldershot ; Brookfield, USA : Avebury, [1988]
Subjects:

MARC

Tag First Indicator Second Indicator Subfields
LEADER 00000cam a2200000 a 4500
001 in00000032396
005 20151007060517.0
008 871105s1988 enka b 00100 eng
010 |a  87033272  
020 |a 0566050765 :  |c $84.00 
035 |a (OCoLC)17104641 
035 |9 AAC1019AM 
040 |a DLC  |c DLC  |d TXA  |d UtOrBLW 
043 |a a-ii--- 
049 |a TXAM  |c [A11508717] 
050 0 0 |a HC435  |b .I8322 1988 
082 0 |a 338.954  |2 19 
245 0 4 |a The Indian National Congress and the political economy of India, 1885-1985 /  |c edited by Mike Shepperdson and Colin Simmons. 
264 1 |a Aldershot ;  |a Brookfield, USA :  |b Avebury,  |c [1988] 
264 4 |c ©1988 
300 |a vii, 414 pages :  |b illustrations ;  |c 23 cm. 
336 |a text  |b txt  |2 rdacontent 
337 |a unmediated  |b n  |2 rdamedia 
338 |a volume  |b nc  |2 rdacarrier 
504 |a Includes bibliographies and index. 
651 0 |a India  |x Economic policy. 
610 2 0 |a Indian National Congress  |x History. 
610 2 0 |a Indian National Congress (I)  |x History. 
651 0 |a India  |x Politics and government  |y 19th century. 
651 0 |a India  |x Politics and government  |y 20th century. 
700 1 |a Shepperdson, Mike. 
700 1 |a Simmons, Colin. 
999 |a MARS 
999 f f |s 16eadf0a-57f7-3f01-a0b7-349c7cbcd772  |i aa14e47b-9d5a-3858-b672-aef488b83028  |t 0 
952 f f |p ric  |a Texas A&M University  |b Rellis Campus  |c Joint Library Facility  |d Remote Storage  |t 0  |e HC435 .I8322 1988  |h Library of Congress classification  |i unmediated -- volume  |m A14811508717 
998 f f |a HC435 .I8322 1988  |t 0  |l Remote Storage